Mobile Computing (Record no. 7424)

MARC details
000 -LEADER
fixed length control field 00267nam a2200121Ia 4500
008 - FIXED-LENGTH DATA ELEMENTS--GENERAL INFORMATION
fixed length control field 191201s2009 xx 000 0 und d
100 ## - MAIN ENTRY--PERSONAL NAME
Personal name DASBIT,Sipra
245 #0 - TITLE STATEMENT
Title Mobile Computing
260 ## - PUBLICATION, DISTRIBUTION, ETC. (IMPRINT)
Date of publication, distribution, etc 2009
Name of publisher, distributor, etc PHI
Place of publication, distribution, etc N. Delhi
300 ## - PHYSICAL DESCRIPTION
Extent 182
650 ## - SUBJECT ADDED ENTRY--TOPICAL TERM
Topical term or geographic name as entry element IT
942 ## - ADDED ENTRY ELEMENTS (KOHA)
Source of classification or shelving scheme Dewey Decimal Classification
Koha item type Book Bank
Holdings
Withdrawn status Lost status Source of classification or shelving scheme Damaged status Not for loan Collection code Home library Current library Date acquired Source of acquisition Cost, normal purchase price Bill Number Total Checkouts Acc. no. / Barcode Date last seen Date last borrowed Bill Date Koha item type
    Dewey Decimal Classification     B.Tech(IT) PIET C-LIBRARY PIET C-LIBRARY 09/03/2011 The book company 175.00 7039 Rs. 115.50 1 BB6399 12/02/2020 10/02/2020 09/03/2011 Book Bank
    Dewey Decimal Classification     B.Tech(IT) PIET C-LIBRARY PIET C-LIBRARY 09/03/2011 The book company 175.00 7039 Rs. 115.50   BB6400 04/12/2019   09/03/2011 Book Bank
    Dewey Decimal Classification     B.Tech(IT) PIET C-LIBRARY PIET C-LIBRARY 09/03/2011 The book company 175.00 7039 Rs. 115.50   BB6401 04/12/2019   09/03/2011 Book Bank
    Dewey Decimal Classification     B.Tech(IT) PIET C-LIBRARY PIET C-LIBRARY 09/03/2011 The book company 175.00 7039 Rs. 115.50   BB6402 04/12/2019   09/03/2011 Book Bank
    Dewey Decimal Classification     B.Tech(IT) PIET C-LIBRARY PIET C-LIBRARY 09/03/2011 The book company 175.00 7039 Rs. 115.50   BB6403 04/12/2019   09/03/2011 Book Bank
    Dewey Decimal Classification     B.Tech(IT) PIET C-LIBRARY PIET C-LIBRARY 09/03/2011 The book company 175.00 7039 Rs. 115.50   BB6404 04/12/2019   09/03/2011 Book Bank

Design & Developed by: PIET Central Library
R70 Miles Stone Pattikalyana Samalkha Panipat 132102
mail ID :- [email protected], Phone No:- 0180-2569700 Ex.216